Prínos znalostného inžinierstva pri tvorbe a používaní elearningových kurzov

Znalostné inžinierstvo a vzdelávanie. Analýza spôsobu vzdelávania vs. znalosti. Znalostné inžinierstvo a tvorba elearningových kurzov. Prístup Karla Wiiga k znalostným procesom v organizácii.

Salvato in:
Dettagli Bibliografici
Autore principale: Rakovská, Eva, 1963-
Natura: Capitolo di libro
Lingua:slovacco
Soggetti:
Tags: Aggiungi Tag
Nessun Tag, puoi essere il primo ad aggiungerne!!

MARC

LEADER 00000nla a2200000 4500
001 0184624
005 20240502073150.9
041 0 |a slo 
044 |a SK 
245 1 0 |a Prínos znalostného inžinierstva pri tvorbe a používaní elearningových kurzov  |c Eva Rakovská 
520 |a Znalostné inžinierstvo a vzdelávanie. Analýza spôsobu vzdelávania vs. znalosti. Znalostné inžinierstvo a tvorba elearningových kurzov. Prístup Karla Wiiga k znalostným procesom v organizácii. 
610 2 0 |a vzdelávanie 
610 2 0 |a vedomosti 
610 2 0 |a manažment znalostný 
610 2 0 |a inžinierstvo softvérové 
610 2 0 |a vzdelávanie elektronické 
100 1 |a Rakovská, Eva, 1963-